| 000 | 01338nam a22002777a 4500 | ||
|---|---|---|---|
| 005 | 20170405150938.0 | ||
| 008 | 140714b xxu||||| |||| 00| 0 Urdu d | ||
| 010 | _aUR90 B-547927-930 B-665871 | ||
| 020 |
_a9789350732335 _c250.00 |
||
| 035 | _aU-90 B-547927-930 B-665871 | ||
| 037 | _bBPPD/Pub/Ven | ||
| 037 | _bPansy Books(Vend.)/Edu.pub. House(Pub.) | ||
| 040 |
_aDPL _bUrdu |
||
| 082 | _aک | ||
| 100 | _aمحمد ليا قت سہيل | ||
| 245 |
_aمنثو کے شہکا ر ا فسا نے _cمحمد ليا قت سہيل |
||
| 246 |
_aManto ke Shahkar Afsane _bby Mohd. Liaqat Suhall |
||
| 260 |
_aد ھلی _bا يجو کيشنل پبليشنگ ہا ؤس _c2013 |
||
| 260 | _bPansy Books(Vender) | ||
| 270 |
_a3108،و کيل اسٹر يٹ ،کو چہ پنڈ ت ،لال کنو ا ن _bد ھلی _e110006 _k23216162،23214465 |
||
| 270 |
_aR2,/66/A Somesh Vihar,Chhawala _bNew Delhi _e110071 _k01125317355 |
||
| 300 |
_a184ص _c22Cm (Hb) |
||
| 942 |
_2ddc _cUR _e _h ک _mم ح م |
||
| 999 |
_c87274 _d87274 |
||